Rimas y otros poemas (Record no. 14429)
[ view plain ]
| 000 -CABECERA | |
|---|---|
| campo de control de longitud fija | 01093nam a2200277 4500 |
| 003 - IDENTIFICADOR DEL NÚMERO DE CONTROL | |
| campo de control | EC-UNACH |
| 005 - FECHA Y HORA DE LA ÚLTIMA TRANSACCIÓN | |
| campo de control | 20260317124544.0 |
| 006 - CÓDIGOS DE INFORMACIÓN DE LONGITUD FIJA--CARACTERÍSTICAS DEL MATERIAL ADICIONAL | |
| campo de control de longitud fija | s||||gr|||| 00| 00 |
| 008 - DATOS DE LONGITUD FIJA--INFORMACIÓN GENERAL | |
| campo de control de longitud fija | 150116t9999 mx r gr 000 0 spa d |
| 020 ## - NÚMERO INTERNACIONAL ESTÁNDAR DEL LIBRO | |
| Número Internacional Estándar del Libro | 84-8280-199-6 |
| 040 ## - FUENTE DE LA CATALOGACIÓN | |
| Centro catalogador/agencia de origen | EC-UNACH |
| Centro/agencia transcriptor | EC-UNACH |
| 041 ## - CÓDIGO DE LENGUA | |
| Código de lengua del texto/banda sonora o título independiente | spa |
| 082 04 - NÚMERO DE LA CLASIFICACIÓN DECIMAL DEWEY | |
| Número de edición | 23 |
| Número de clasificación | 808.81 |
| Número de documento/Ítem | L018633 |
| 100 ## - ENTRADA PRINCIPAL--NOMBRE DE PERSONA | |
| Nombre de persona | Becquer, Gustavo Adolfo |
| 245 ## - MENCIÓN DE TÍTULO | |
| Título | Rimas y otros poemas |
| 250 ## - MENCIÓN DE EDICIÓN | |
| Mención de edición | First Edition |
| 264 ## - Producción, publicación, distribución, fabricación y copyright | |
| Lugar de producción, publicación, distribución, fabricación | Colombia |
| Nombre del de productor, editor, distribuidor, fabricante | La Oveja negra |
| Fecha de de producción, publicación, distribución, fabricación o copyright | 1984 |
| 300 ## - DESCRIPCIÓN FÍSICA | |
| Extensión | 125 páginas |
| Dimensiones | 18 x 11 cm |
| 501 ## - NOTA DE "CON" | |
| Nota de “Con” | Incluye índice |
| 505 ## - NOTA DE CONTENIDO CON FORMATO | |
| Nota de contenido con formato | Oda a la muerte de don Alberto Lista -- Fragmentos de poemas -- Las dos! (juguete romántico) -- Oda a la señorita Lenona en su partida -- Soneto -- La plegaria y la corona. Romance -- Al céfiro.Soneto -- Anacreóntica -- Poemas de trnsición (1855 - 1856) Rimas (1858-1868) -- Otras rimas y otros poemas (1858 - 1870). La corona de oro -- Elvira (Fragmentos) -.- |
| 650 ## - PUNTO DE ACCESO ADICIONAL DE MATERIA--TÉRMINO DE MATERIA | |
| Término de materia o nombre geográfico como elemento inicial | POESIAS |
| 942 ## - ELEMENTOS DE PUNTO DE ACCESO ADICIONAL (KOHA) | |
| Fuente del sistema de clasificación o colocación | Clasificación Decimal Dewey |
| Tipo de ítem Koha | Libros |
| 999 ## - NÚMEROS DE CONTROL DE SISTEMA (KOHA) | |
| Koha biblionumber | 14429 |
| Estado de pérdida | Fuente del sistema de clasificación o colocación | Estado dañado | No para préstamo | Localización permanente | Ubicación/localización actual | Ubicación en estantería | Fecha de adquisición | Fuente de adquisición | Número de inventario | Total de préstamos | Signatura topográfica completa | Código de barras | Fecha visto por última vez | Número de copia | Precio válido a partir de | Tipo de ítem Koha | Centro de costos |
|---|---|---|---|---|---|---|---|---|---|---|---|---|---|---|---|---|---|
| Clasificación Decimal Dewey | Biblioteca Campus Sur | Biblioteca Campus Sur | Pedagogía de la Lengua y la Literetura | 17/03/2026 | Transitoria segunda Reglamento de Biblioteca | 325522 | 808.81 BEC L018633 | L018633 | 17/03/2026 | Ejemplar: 01 | 17/03/2026 | Libros |